| 000 | 00756nam a2200229 a 4500 | ||
|---|---|---|---|
| 005 | 20230530063536.0 | ||
| 008 | 011031s1998 r 000 0 eng d | ||
| 020 | _a9686898700 | ||
| 035 | _aUPN01000113671 | ||
| 049 | _aCG | ||
| 050 | 4 |
_aBC199 T9 _bE8.2 |
|
| 100 | 1 |
_aEscalera Bourillon, Jeannette Adriana _934663 |
|
| 245 | 1 | 0 |
_aAlicia en el país de tres ensayos / _cAdriana Jeannette Escalera Bourillon. |
| 260 |
_aMéxico : _bUPN, _c1998. |
||
| 300 |
_a109 p. : _bil. |
||
| 440 | 0 |
_aDiálogos ; _v3 |
|
| 590 | _aTambién localizas un ejemplar en el "Area de Reserva" | ||
| 650 | 4 |
_aLOGICA SIMBOLICA Y MATEMATICA - _vDISCURSOS, ENSAYOS, CONFERENCIAS, ETC. |
|
| 650 | 2 |
_aTopología _922533 |
|
| 600 | 1 | 4 |
_aCARROLL, LEWIS, _d1832-1898 |
| 905 | _aLibro | ||
| 999 |
_c87579 _d87579 |
||